Assault at Mogadishu
Saved in:
| Main Author: | |
|---|---|
| Format: | Book |
| Language: | English |
| Published: |
Corgi Books
1977
|
| Tags: |
Add Tag
No Tags, Be the first to tag this record!
|
MARC
| LEADER | 00000nam a22000007a 4500 | ||
|---|---|---|---|
| 008 | 210120b ||||| |||| 00| 0 eng d | ||
| 100 | |a KOCH, Peter. | ||
| 245 | |a Assault at Mogadishu |c Peter Koch and Kai Hermann |g 165p. | ||
| 260 | |b Corgi Books |c 1977 |h London: |i 685953 |m Terrorism. |m Terrorism – Germany (West) – Case studies |m Kidnapping – Germany (West) – Case studies. | ||
| 942 | |a lcc |c BK |e Olagoke,M.A |f 20/01/2021 | ||
| 952 | |0 0 |1 0 |2 lcc |4 0 |6 HV6433 G3 K81 |7 0 |9 1286 |a HOL |b HOL |c GJ |d 2021-01-20 |l 0 |o HV6433 .G3K81 |p 2021-0099 |r 2021-01-20 00:00:00 |w 2021-01-20 |y BK | ||
| 952 | |0 0 |1 0 |2 lcc |4 0 |6 QD0415 J19 |7 0 |9 1422 |a HOL |b HOL |c QZ |d 2021-01-21 |l 0 |o QD415 .J19 |p 2021-0223 |r 2021-01-21 00:00:00 |w 2021-01-21 |y BK | ||
| 952 | |0 0 |1 0 |2 lcc |4 0 |6 QD0415 J19 |7 0 |9 1423 |a HOL |b HOL |c QZ |d 2021-01-21 |l 0 |o QD415 .J19 |p 2021-0224 |r 2021-01-21 00:00:00 |w 2021-01-21 |y BK | ||
| 999 | |c 667 |d 667 | ||